000 00586nam a22001817a 4500
999 _c12718
_d12718
008 190131b ||||| |||| 00| 0 eng d
020 _a971-542-291-8
082 _22001
_aDFil 899.211
_bP53
245 _aThe origin of rice(Tagalog)/
_cDamiana Eugenio [Compiler and Editor]
260 _aQuezon City:
_bUP Press;
_c©2001
300 _aPage 425-426;
_c22.5 cm.
500 _aPhilippine folk literature: The myths
650 _aMythology
_936083
650 _aLegends
_936084
650 _aPhilippine folk literature (English)
_936085
650 _aFolklore
_936086
942 _2ddc
_cDFIL